| 000 | 00925nam a22001817a 4500 | ||
|---|---|---|---|
| 999 |
_c15084 _d15084 |
||
| 003 | OSt | ||
| 082 | _2631.587 DAY/EF | ||
| 088 | _aP 186 | ||
| 100 |
_aDAYANA SCARIA _aMANOJ K. UNNI _aSONIYA BABY _93397 |
||
| 245 | _aEffect of mulching and nutrient sources on the production of salad cucumber inside and outside naturally ventilated green house | ||
| 260 |
_aTavanur 2008 _bKelappaji College of Agricultural Engineering and Technology |
||
| 300 | _a45 | ||
| 500 | _aEffect of mulching and nutrient sources on the production of salad cucumber inside and outside naturally ventilated green house | ||
| 520 | _aa study was conducted to compare the growth and yield of salad cucumber inside and outside a naturally ventilated greenhouse. The experiment was done nearer to PFDC building | ||
| 700 |
_aEr. E. K Mathew (Guide) _93398 |
||
| 856 | _uhttps://drive.google.com/open?id=164Qo85DIyi3VF0qjq46AjFqa_KFm8lCl | ||
| 942 | _cPR | ||